[Event "28. Open Villa de Benasque 2008"]
[Site "Benasque  ESP"]
[Date "2008.07.03"]
[Round "1.2"]
[White "Niji, A."]
[Black "Burmakin, Vladimir"]
[Result "0-1"]
[WhiteElo "2015"]
[BlackElo "2625"]
[PlyCount "102"]
[EventDate "2008.07.03"]
[EventType "swiss"]
[EventRounds "10"]
[EventCountry "ESP"]
[Source "lmi"]
[SourceDate "2008.07.03"]

1. e4 c6 2. d4 d5 3. exd5 cxd5 4. Bd3 Nc6 5. c3 Nf6 6. Ne2 g6 7. Ng3 Bg7 8. Nd2
O-O 9. Nf3 Bg4 10. Bf4 Qb6 11. Rb1 Nd7 12. Be2 Bxf3 13. Bxf3 e5 14. dxe5 Ndxe5
15. Bxe5 Nxe5 16. O-O Rad8 17. Qe2 d4 18. Qe4 Nxf3+ 19. Qxf3 Qa6 20. cxd4 Rxd4
21. Rfc1 Rb4 22. Qd5 Rb5 23. Qc4 Rxb2 24. Rxb2 Bxb2 25. Qxa6 bxa6 26. Rc6 Bd4
27. Rxa6 Bb6 28. Ra3 Rc8 29. Nf1 Rc2 30. Ne3 Rc1+ 31. Nf1 f5 32. Rd3 Kf7 33. g3
Ke6 34. Kg2 Rc2 35. Rd2 Rxd2 36. Nxd2 Kd5 37. Nf3 Kc4 38. Ng5 h6 39. Nf7 Kb4
40. Nxh6 Ka3 41. g4 fxg4 42. Nxg4 Bd4 43. Ne3 Bg7 44. Nd5 Kxa2 45. Nb4+ Kb3 46.
Na6 Be5 47. Nc5+ Kc4 48. Nd7 Bd4 49. f4 a5 50. Nf8 a4 51. Nxg6 a3 0-1

[Event "28. Open Villa de Benasque 2008"]
[Site "Benasque  ESP"]
[Date "2008.07.03"]
[Round "1.3"]
[White "Arregui Untoria, Carlos"]
[Black "Rodshtein, Maxim"]
[Result "0-1"]
[WhiteElo "2012"]
[BlackElo "2605"]
[PlyCount "40"]
[EventDate "2008.07.03"]
[EventType "swiss"]
[EventRounds "10"]
[EventCountry "ESP"]
[Source "lmi"]
[SourceDate "2008.07.03"]

1. d4 Nf6 2. c4 g6 3. f3 Nc6 4. e4 e5 5. d5 Nd4 6. Be3 c5 7. Nc3 Bg7 8. Nge2
O-O 9. Qd2 d6 10. Nc1 a6 11. a3 Bd7 12. b4 b6 13. Rb1 Nh5 14. Be2 Nf4 15. Bd1
f5 16. Nd3 g5 17. exf5 Nxf5 18. O-O Nxe3 19. Qxe3 e4 20. Qxe4 Bxc3 0-1

[Event "28. Open Villa de Benasque 2008"]
[Site "Benasque  ESP"]
[Date "2008.07.03"]
[Round "1.6"]
[White "Damljanovic, Branko"]
[Black "Bedoya Ribo, Jordi"]
[Result "1-0"]
[WhiteElo "2579"]
[BlackElo "2011"]
[PlyCount "81"]
[EventDate "2008.07.03"]
[EventType "swiss"]
[EventRounds "10"]
[EventCountry "ESP"]
[Source "lmi"]
[SourceDate "2008.07.03"]

1. d4 Nf6 2. c4 e6 3. Nf3 d5 4. g3 c6 5. Nbd2 Nbd7 6. Bg2 Be7 7. O-O O-O 8. Qc2
b6 9. e4 dxe4 10. Nxe4 Bb7 11. Rd1 Qc8 12. Nc3 Qc7 13. Bf4 Bd6 14. Bxd6 Qxd6
15. Ng5 Qc7 16. c5 h6 17. Nge4 Nd5 18. a3 Rad8 19. b4 N7f6 20. Rac1 Nxc3 21.
Nxc3 b5 22. Qe2 a6 23. Qe5 Qc8 24. Bf3 Rfe8 25. h4 Nd7 26. Qe3 e5 27. d5 cxd5
28. Nxd5 Bxd5 29. Rxd5 e4 30. Bg4 Qc7 31. Bxd7 Rxd7 32. Rcd1 Rxd5 33. Rxd5 a5
34. Kg2 axb4 35. axb4 Re6 36. Qd4 Qc6 37. Rd8+ Kh7 38. Qd5 Qxd5 39. Rxd5 e3 40.
fxe3 Rxe3 41. c6 1-0

[Event "28. Open Villa de Benasque 2008"]
[Site "Benasque  ESP"]
[Date "2008.07.03"]
[Round "1.7"]
[White "Garcia Rodriguez, Juan Carlos"]
[Black "Mirzoev, Azer"]
[Result "0-1"]
[WhiteElo "2006"]
[BlackElo "2565"]
[PlyCount "60"]
[EventDate "2008.07.03"]
[EventType "swiss"]
[EventRounds "10"]
[EventCountry "ESP"]
[Source "lmi"]
[SourceDate "2008.07.03"]

1. d4 Nf6 2. Nf3 e6 3. Bf4 c5 4. c3 b6 5. e3 Bb7 6. Nbd2 Be7 7. Bd3 O-O 8. O-O
Nh5 9. Be5 d6 10. Bg3 Nd7 11. e4 Nxg3 12. hxg3 a6 13. Qe2 g6 14. e5 cxd4 15.
exd6 Bxd6 16. cxd4 Nf6 17. Nc4 Be7 18. Nce5 Nd5 19. Rac1 Bf6 20. Nc6 Qd6 21.
Nfe5 Rfc8 22. Nxf7 Kxf7 23. Ne5+ Bxe5 24. dxe5 Qe7 25. Rxc8 Rxc8 26. Bxa6 Bxa6
27. Qxa6 Rc2 28. b3 Kg7 29. a3 Qc7 30. Re1 Qc3 0-1

[Event "28. Open Villa de Benasque 2008"]
[Site "Benasque  ESP"]
[Date "2008.07.04"]
[Round "2.1"]
[White "Bruned, Boris"]
[Black "Baklan, Vladimir"]
[Result "0-1"]
[WhiteElo "2224"]
[BlackElo "2630"]
[PlyCount "84"]
[EventDate "2008.07.03"]
[EventType "swiss"]
[EventRounds "10"]
[EventCountry "ESP"]
[Source "lmi"]
[SourceDate "2008.07.03"]

1. e4 c5 2. Nf3 d6 3. d4 cxd4 4. Nxd4 Nf6 5. Nc3 Bd7 6. Bg5 e6 7. Qd2 a6 8. f4
h6 9. Bxf6 Qxf6 10. Nf3 Nc6 11. O-O-O Qd8 12. e5 d5 13. Ne2 Qb6 14. Ned4 Rc8
15. Kb1 Nxd4 16. Nxd4 Bb4 17. Qd3 O-O 18. Nb3 a5 19. Qd4 Qc7 20. c3 Be7 21. a4
Qb8 22. Bb5 Bxb5 23. axb5 a4 24. Nd2 Qa8 25. Kc2 Bc5 26. Qd3 a3 27. Ra1 Qa4+
28. Nb3 d4 29. c4 Be7 30. Kb1 Rxc4 31. Nd2 Rc7 32. Ne4 Ra8 33. Ra2 Qb4 34. Rxa3
Rxa3 35. Qxa3 Qxb5 36. Nd6 Qe2 37. Qa8+ Bf8 38. Qe8 Qc2+ 39. Ka2 Rc6 40. Qxf7+
Kh7 41. Qxb7 Bxd6 42. exd6 Rc4 0-1

[Event "28. Open Villa de Benasque 2008"]
[Site "Benasque  ESP"]
[Date "2008.07.04"]
[Round "2.3"]
[White "Menendez Rey, Francisco Javier"]
[Black "Delchev, Aleksander"]
[Result "0-1"]
[WhiteElo "2222"]
[BlackElo "2618"]
[PlyCount "102"]
[EventDate "2008.07.03"]
[EventType "swiss"]
[EventRounds "10"]
[EventCountry "ESP"]
[Source "lmi"]
[SourceDate "2008.07.03"]

1. d4 Nf6 2. Nc3 d5 3. Bg5 Nbd7 4. Nf3 b6 5. e3 Bb7 6. Be2 g6 7. O-O Bg7 8. Ne5
O-O 9. f4 Ne8 10. Ba6 Bxa6 11. Nc6 f6 12. Bh4 Bxf1 13. Nxd8 Rxd8 14. Qxf1 e6
15. Rd1 Nd6 16. Qe2 c5 17. Bf2 f5 18. Bh4 Bf6 19. Bxf6 Nxf6 20. Nb1 c4 21. c3
b5 22. Na3 a5 23. Nc2 Rb8 24. a3 Rb7 25. h3 h5 26. Kh2 Nde4 27. g3 Rff7 28. Rg1
Rg7 29. Rg2 g5 30. Ne1 g4 31. h4 b4 32. axb4 axb4 33. cxb4 Rxb4 34. Qc2 Rb3 35.
Re2 Ra7 36. Qc1 Kf7 37. Ng2 Ng8 38. Ne1 Ne7 39. Nc2 Nc6 40. Na1 Rb6 41. Nc2 Ra2
42. Ne1 Rb3 43. Rg2 Nb4 44. Kg1 Ke7 45. Kh2 Kd7 46. Kg1 Kc7 47. Kh2 Kb7 48. Kg1
Ra6 49. Kh2 Rb6 50. Qa1 Rxe3 51. Qa4 Nc6 0-1

[Event "28. Open Villa de Benasque 2008"]
[Site "Benasque  ESP"]
[Date "2008.07.04"]
[Round "2.7"]
[White "Coll Ortega, Jordi"]
[Black "Damljanovic, Branko"]
[Result "0-1"]
[WhiteElo "2206"]
[BlackElo "2579"]
[PlyCount "71"]
[EventDate "2008.07.03"]
[EventType "swiss"]
[EventRounds "10"]
[EventCountry "ESP"]
[Source "lmi"]
[SourceDate "2008.07.03"]

1. c4 e5 2. g3 Nc6 3. Bg2 f5 4. Nc3 Nf6 5. d3 Bb4 6. Bd2 O-O 7. Nf3 d6 8. O-O
Kh8 9. Nd5 Bxd2 10. Nxd2 a5 11. a3 Bd7 12. b4 axb4 13. axb4 Nxd5 14. cxd5 Nd4
15. e3 Nb5 16. Qb3 f4 17. Qc4 Rc8 18. Rfc1 c6 19. Ne4 h6 20. Qb3 fxe3 21. fxe3
Qb6 22. Re1 cxd5 23. Qxd5 Rce8 24. Ra5 Rd8 25. Nd2 Bc6 26. Qb3 Nd4 27. Qb2 Bxg2
28. Kxg2 Nc6 29. Ra4 Qb5 30. Qb3 d5 31. Rc1 b6 32. Ra2 e4 33. Nb1 Ne5 34. Na3
Qxd3 35. Qxd3 Nxd3 36. b5 0-1

[Event "28. Open Villa de Benasque 2008"]
[Site "Benasque  ESP"]
[Date "2008.07.04"]
[Round "2.8"]
[White "Mirzoev, Azer"]
[Black "Lopez Melgar, Enrique"]
[Result "1-0"]
[WhiteElo "2565"]
[BlackElo "2199"]
[PlyCount "82"]
[EventDate "2008.07.03"]
[EventType "swiss"]
[EventRounds "10"]
[EventCountry "ESP"]
[Source "lmi"]
[SourceDate "2008.07.03"]

1. d4 f5 2. Bg5 h6 3. Bh4 g5 4. e4 Nf6 5. e5 e6 6. exf6 Qxf6 7. Bg3 f4 8. Nc3
Bg7 9. Nf3 fxg3 10. hxg3 O-O 11. Ne4 Qe7 12. Qd2 d5 13. Nc3 c5 14. Ne2 Nc6 15.
c3 Bd7 16. dxc5 Qxc5 17. Ned4 Rad8 18. Nb3 Qe7 19. Be2 Be8 20. O-O Bg6 21. Qe3
e5 22. Rad1 Bf5 23. Rd2 Kh8 24. Bb5 Be4 25. Re1 Qf6 26. Nh2 Bf5 27. Nf3 Be4 28.
Red1 a6 29. Be2 Ne7 30. Nc5 Bxf3 31. Bxf3 Qf7 32. Nxb7 Rd7 33. Nc5 Rd6 34. Qe2
Ra8 35. c4 Rc8 36. Bxd5 Nxd5 37. Rxd5 Rxd5 38. Rxd5 Rc6 39. Ne4 Qc7 40. b3 a5
41. Qd3 Qd8 1-0

[Event "28. Open Villa de Benasque 2008"]
[Site "Benasque  ESP"]
[Date "2008.07.05"]
[Round "3.2"]
[White "Adhiban, B."]
[Black "Burmakin, Vladimir"]
[Result "0-1"]
[WhiteElo "2422"]
[BlackElo "2625"]
[PlyCount "106"]
[EventDate "2008.07.03"]
[EventType "swiss"]
[EventRounds "10"]
[EventCountry "ESP"]
[Source "lmi"]
[SourceDate "2008.07.03"]

1. e4 c6 2. d4 d5 3. Nc3 h6 4. Nf3 dxe4 5. Nxe4 Bf5 6. Bd3 e6 7. Bf4 Bxe4 8.
Bxe4 Nf6 9. Bd3 Bd6 10. Ne5 Qc7 11. O-O Nbd7 12. Re1 Nd5 13. Bg3 O-O 14. c4 Ne7
15. Qg4 f5 16. Qh5 Nxe5 17. c5 Nxd3 18. cxd6 Qd7 19. dxe7 Qxe7 20. Re3 Nb4 21.
Be5 f4 22. Rh3 Kh7 23. Re1 Nd5 24. Rb3 Rad8 25. h3 Rd7 26. Qg4 Qf7 27. Re4 Qf5
28. Qxf5+ exf5 29. Re1 g5 30. Rc1 Re8 31. a3 Kg6 32. Kf1 Kf7 33. Rd3 Ne7 34.
Rf3 Ng6 35. g3 g4 36. hxg4 fxg4 37. Rxf4+ Nxf4 38. gxf4 Kg6 39. Kg2 h5 40. Kg3
Kf5 41. Kh4 Ree7 42. Rc3 Rd5 43. a4 Red7 44. b3 Rxd4 45. Bxd4 Rxd4 46. Kxh5
Rxf4 47. a5 a6 48. Rc5+ Ke4 49. Rc3 Rxf2 50. Kxg4 Rd2 51. Rc4+ Rd4 52. Rc1 Rb4
53. Rc3 Rb5 0-1

[Event "28. Open Villa de Benasque 2008"]
[Site "Benasque  ESP"]
[Date "2008.07.05"]
[Round "3.7"]
[White "Damljanovic, Branko"]
[Black "Recuero Guerra, David"]
[Result "1-0"]
[WhiteElo "2579"]
[BlackElo "2417"]
[PlyCount "93"]
[EventDate "2008.07.03"]
[EventType "swiss"]
[EventRounds "10"]
[EventCountry "ESP"]
[Source "lmi"]
[SourceDate "2008.07.03"]

1. d4 Nf6 2. c4 e6 3. Nf3 d5 4. g3 dxc4 5. Bg2 a6 6. O-O Nc6 7. Nc3 Be7 8. Qa4
O-O 9. Qxc4 Na5 10. Qa4 b6 11. Rd1 Bb7 12. Qc2 Qc8 13. e4 c5 14. d5 exd5 15. e5
Ne8 16. Nxd5 Bxd5 17. Rxd5 Nc7 18. Rd1 Ne6 19. Be3 Nc6 20. Qe4 Qc7 21. h4 Rad8
22. b3 Ncd4 23. Bxd4 cxd4 24. Rac1 Qb8 25. Bf1 a5 26. Bc4 Nc5 27. Qe2 d3 28.
Bxd3 Nxd3 29. Rxd3 Rxd3 30. Qxd3 Rd8 31. Qe4 Bc5 32. Kg2 Qa8 33. Ng5 h6 34.
Qxa8 Rxa8 35. Ne4 Bd4 36. f4 a4 37. Rc4 axb3 38. axb3 Ra2+ 39. Kf3 Bg1 40. Rc8+
Kh7 41. h5 Rb2 42. Rc3 Rh2 43. Rc7 Rxh5 44. Rxf7 Kg8 45. Rd7 Bc5 46. Kg4 Rh1
47. Kf5 1-0

[Event "28. Open Villa de Benasque 2008"]
[Site "Benasque  ESP"]
[Date "2008.07.05"]
[Round "3.8"]
[White "Alonso Rosell, Alvar"]
[Black "Mirzoev, Azer"]
[Result "0-1"]
[WhiteElo "2393"]
[BlackElo "2565"]
[PlyCount "74"]
[EventDate "2008.07.03"]
[EventType "swiss"]
[EventRounds "10"]
[EventCountry "ESP"]
[Source "lmi"]
[SourceDate "2008.07.03"]

1. d4 Nf6 2. c4 e6 3. Nc3 Bb4 4. Qc2 c5 5. dxc5 Na6 6. a3 Bxc3+ 7. Qxc3 Nxc5 8.
Nf3 O-O 9. Bf4 b6 10. e3 Bb7 11. Be2 d5 12. b4 Nce4 13. Qd4 dxc4 14. Bxc4 Rc8
15. Bd3 Rc3 16. Bxe4 Nxe4 17. Qxd8 Rxd8 18. Nd4 g5 19. Bg3 Nxg3 20. hxg3 Bxg2
21. Rh5 Rd5 22. Kd2 Rc8 23. Rc1 Rxc1 24. Kxc1 Be4 25. f4 Kg7 26. Rh2 h6 27. Kb2
e5 28. fxe5 Rxe5 29. Kc3 Kg6 30. Rf2 h5 31. Rh2 f6 32. Kd2 a6 33. Kc3 Re8 34.
Kd2 Rc8 35. Rf2 Rh8 36. Rh2 h4 37. gxh4 Rxh4 0-1

[Event "28. Open Villa de Benasque 2008"]
[Site "Benasque  ESP"]
[Date "2008.07.06"]
[Round "4.2"]
[White "Ivanov, Mikhail M"]
[Black "Delchev, Aleksander"]
[Result "1/2-1/2"]
[WhiteElo "2489"]
[BlackElo "2618"]
[PlyCount "66"]
[EventDate "2008.07.03"]
[EventType "swiss"]
[EventRounds "10"]
[EventCountry "ESP"]
[Source "lmi"]
[SourceDate "2008.07.03"]

1. Nf3 Nf6 2. g3 g6 3. Bg2 Bg7 4. d4 d5 5. c4 c6 6. cxd5 cxd5 7. Ne5 O-O 8. Nc3
Bf5 9. O-O Ne4 10. Qb3 Nc6 11. Qxd5 Nxc3 12. bxc3 Nxe5 13. dxe5 Qxd5 14. Bxd5
Bxe5 15. Be3 Rac8 16. Bxb7 Rxc3 17. Rac1 Rd8 18. Rxc3 Bxc3 19. Ba6 Rd6 20. Bc4
Bd4 21. Bxd4 Rxd4 22. Rc1 a5 23. f3 Rd2 24. Kf2 Rb2 25. Rc3 Kg7 26. Ke3 a4 27.
g4 Bb1 28. Ra3 Bc2 29. Kd4 Bd1 30. Bd3 Bc2 31. Bc4 Rb8 32. Kc3 Rc8 33. Kd4 Rb8
1/2-1/2

[Event "28. Open Villa de Benasque 2008"]
[Site "Benasque  ESP"]
[Date "2008.07.06"]
[Round "4.7"]
[White "Mirzoev, Azer"]
[Black "Neelotpal, Das"]
[Result "0-1"]
[WhiteElo "2565"]
[BlackElo "2462"]
[PlyCount "102"]
[EventDate "2008.07.03"]
[EventType "swiss"]
[EventRounds "10"]
[EventCountry "ESP"]
[Source "lmi"]
[SourceDate "2008.07.03"]

1. c4 Nf6 2. Nc3 e6 3. Nf3 Bb4 4. g3 O-O 5. Bg2 d5 6. Qb3 c5 7. O-O Nc6 8. d3
h6 9. a3 Bxc3 10. Qxc3 d4 11. Qc2 e5 12. e4 dxe3 13. fxe3 Bg4 14. Bd2 e4 15.
dxe4 Re8 16. e5 Nd7 17. Bc3 Qc7 18. Qe4 Bh5 19. Qf4 Ncxe5 20. g4 Bg6 21. Nxe5
Nxe5 22. Bd5 Qe7 23. h4 Kh8 24. h5 Bd3 25. Bxe5 Qxe5 26. Qxe5 Rxe5 27. Rxf7
Rxe3 28. Rxb7 Rg3+ 29. Kf2 Rxg4 30. Kf3 Rg5 31. Ke3 Rg3+ 32. Kf4 Rg5 33. b4 Re8
34. Ra2 Rf5+ 35. Kg4 Rg5+ 36. Kh4 Bxc4 37. Bxc4 Re4+ 38. Kh3 Rxc4 39. bxc5 Rc3+
40. Kh2 Rxh5+ 41. Kg2 a5 42. a4 Rcxc5 43. Rb8+ Kh7 44. Ra8 Rhg5+ 45. Kf3 Rc3+
46. Kf2 Rh3 47. Ra1 Rh2+ 48. Kf3 Rh3+ 49. Kf2 Rb3 50. Ra6 h5 51. Ra8 h4 0-1

[Event "28. Open Villa de Benasque 2008"]
[Site "Benasque  ESP"]
[Date "2008.07.07"]
[Round "5.7"]
[White "Damljanovic, Branko"]
[Black "Babaev, Rashad"]
[Result "0-1"]
[WhiteElo "2579"]
[BlackElo "2484"]
[PlyCount "68"]
[EventDate "2008.07.03"]
[EventType "swiss"]
[EventRounds "10"]
[EventCountry "ESP"]
[Source "lmi"]
[SourceDate "2008.07.03"]

1. Nf3 Nf6 2. c4 g6 3. Nc3 Bg7 4. e4 d6 5. d4 O-O 6. h3 e5 7. d5 Nh5 8. Nh2 Qe8
9. Be2 Nf4 10. Bf3 f5 11. g3 Nxh3 12. Bg2 Qf7 13. Nf3 fxe4 14. Nxe4 Bg4 15.
Rxh3 Qf5 16. Nh4 Qd7 17. Qxg4 Qxg4 18. Rh2 Na6 19. f3 Qd7 20. Bh3 Rf5 21. Nxf5
gxf5 22. Ng5 Nc5 23. Ne6 Qf7 24. Nxc5 dxc5 25. Be3 Qf6 26. Bxc5 Qg5 27. Bf2 Qh5
28. Rd1 Re8 29. g4 fxg4 30. fxg4 Qg5 31. Ke2 Qf4 32. Rg2 Qxc4+ 33. Ke1 Qe4+ 34.
Kf1 Qf3 0-1

[Event "28. Open Villa de Benasque 2008"]
[Site "Benasque  ESP"]
[Date "2008.07.08"]
[Round "6.2"]
[White "Burmakin, Vladimir"]
[Black "Strikovic, Aleksa"]
[Result "1/2-1/2"]
[WhiteElo "2625"]
[BlackElo "2512"]
[PlyCount "74"]
[EventDate "2008.07.03"]
[EventType "swiss"]
[EventRounds "10"]
[EventCountry "ESP"]
[Source "lmi"]
[SourceDate "2008.07.03"]

1. d4 d6 2. g3 Nf6 3. Bg2 g6 4. e4 Bg7 5. Ne2 O-O 6. Nbc3 e5 7. h3 c6 8. a4 a5
9. O-O Na6 10. Be3 Nb4 11. Qd2 d5 12. exd5 Nfxd5 13. Nxd5 Nxd5 14. dxe5 Nxe3
15. Qxe3 Qe7 16. f4 f6 17. Nd4 fxe5 18. Rae1 Be6 19. Nf3 Qd7 20. Nxe5 Bxe5 21.
fxe5 Rxf1+ 22. Bxf1 Rd8 23. h4 Qd4 24. b3 Bf5 25. Bc4+ Kf8 26. c3 Qxe3+ 27.
Rxe3 Rd2 28. b4 axb4 29. cxb4 Ke7 30. b5 cxb5 31. Bxb5 h6 32. Kf1 g5 33. hxg5
hxg5 34. Ke1 Rb2 35. Rf3 Ke6 36. Bd7+ Kxd7 37. Rxf5 Ra2 1/2-1/2

[Event "28. Open Villa de Benasque 2008"]
[Site "Benasque  ESP"]
[Date "2008.07.08"]
[Round "6.3"]
[White "Rodshtein, Maxim"]
[Black "Neelotpal, Das"]
[Result "1/2-1/2"]
[WhiteElo "2605"]
[BlackElo "2462"]
[PlyCount "54"]
[EventDate "2008.07.03"]
[EventType "swiss"]
[EventRounds "10"]
[EventCountry "ESP"]
[Source "lmi"]
[SourceDate "2008.07.03"]

1. Nf3 Nf6 2. c4 e6 3. Nc3 Bb4 4. Qc2 c5 5. a3 Bxc3 6. Qxc3 O-O 7. e3 b6 8. b4
d6 9. Be2 Bb7 10. O-O Nbd7 11. Bb2 a5 12. d3 axb4 13. axb4 Qc7 14. Nd2 Rfc8 15.
h3 Qd8 16. b5 Rxa1 17. Rxa1 Ra8 18. f4 Rxa1+ 19. Bxa1 Qa8 20. g4 Ne8 21. Kf2 e5
22. Bb2 Qd8 23. Bf3 Bxf3 24. Nxf3 exf4 25. exf4 d5 26. Kg2 Qe7 27. Kf2 dxc4
1/2-1/2

[Event "28. Open Villa de Benasque 2008"]
[Site "Benasque  ESP"]
[Date "2008.07.08"]
[Round "6.6"]
[White "Mamedov, Nidjat"]
[Black "Khmelniker, Ilya"]
[Result "1-0"]
[WhiteElo "2564"]
[BlackElo "2448"]
[PlyCount "98"]
[EventDate "2008.07.03"]
[EventType "swiss"]
[EventRounds "10"]
[EventCountry "ESP"]
[Source "lmi"]
[SourceDate "2008.07.03"]

1. e4 e5 2. Nf3 Nc6 3. Bb5 a6 4. Ba4 Nf6 5. Qe2 b5 6. Bb3 Bc5 7. O-O O-O 8. c3
d6 9. d3 h6 10. Be3 Re8 11. Nbd2 Bb7 12. Rfe1 Qd7 13. Nf1 Rad8 14. Ng3 Bxe3 15.
fxe3 Na5 16. Bc2 c5 17. Rf1 d5 18. exd5 Bxd5 19. e4 Bb7 20. Rad1 Qc7 21. Nh4
Re6 22. Ngf5 c4 23. d4 Bxe4 24. Bxe4 exd4 25. Ng3 Rde8 26. Rxf6 Rxf6 27. cxd4
Qf4 28. Nf3 Nb7 29. Ne5 Nd6 30. Bc6 Re7 31. Nh5 Qg5 32. h4 Qxh4 33. Nxf6+ gxf6
34. Qg4+ Qxg4 35. Nxg4 Re2 36. Nxf6+ Kg7 37. Nh5+ Kf8 38. Rb1 Rd2 39. Ng3 Rxd4
40. Nf1 Nf5 41. Bf3 Rf4 42. Kf2 a5 43. g3 Rd4 44. Rd1 Rxd1 45. Bxd1 Ke7 46. g4
Nd4 47. Ne3 Nc6 48. a4 bxa4 49. Bxa4 Ne5 1-0

[Event "28. Open Villa de Benasque 2008"]
[Site "Benasque  ESP"]
[Date "2008.07.08"]
[Round "6.7"]
[White "Babaev, Rashad"]
[Black "Movsziszian, Karen"]
[Result "1-0"]
[WhiteElo "2484"]
[BlackElo "2560"]
[PlyCount "145"]
[EventDate "2008.07.03"]
[EventType "swiss"]
[EventRounds "10"]
[EventCountry "ESP"]
[Source "lmi"]
[SourceDate "2008.07.03"]

1. e4 d6 2. d4 Nf6 3. Nc3 g6 4. Nf3 Bg7 5. Be2 a6 6. O-O b5 7. e5 Nfd7 8. e6
fxe6 9. Ng5 Nf8 10. Bxb5+ c6 11. Qf3 Bf6 12. Bxc6+ Nxc6 13. Qxc6+ Bd7 14. Qc4
Qa5 15. Nge4 Bg7 16. Qd3 Rc8 17. Be3 Bc6 18. a3 Bb7 19. Rad1 Nd7 20. Ng5 O-O
21. f3 Bd5 22. Nxd5 exd5 23. Ne6 Rf7 24. Nxg7 Kxg7 25. Rfe1 Qa4 26. Re2 Nb6 27.
Bc1 Kf8 28. b3 Qb5 29. a4 Qxd3 30. Rxd3 Ke8 31. Kf2 Kd7 32. h4 Na8 33. Bg5 Nc7
34. Rde3 e6 35. Rc3 Rff8 36. Bh6 Rfe8 37. Bf4 Rb8 38. Rd3 Rb7 39. Bd2 Re7 40.
Bg5 Rf7 41. Ke1 Rf8 42. Kd2 Re8 43. Bf4 Rf8 44. Bh6 Rf7 45. Rde3 Rb8 46. Ke1
Rb4 47. Rd3 Rb8 48. Kf2 Ne8 49. Bg5 h5 50. Ke1 Nc7 51. Kd2 Rff8 52. Rde3 Rfc8
53. g4 Rf8 54. Rg2 Rf7 55. Rge2 Rbf8 56. gxh5 gxh5 57. f4 Rb8 58. Kc3 Rg8 59.
Kd2 Rff8 60. Re1 Rf7 61. R1e2 Rb8 62. Kd3 Rg8 63. c4 Rb8 64. Kc3 Rff8 65. Rg3
dxc4 66. bxc4 Rfc8 67. f5 Nd5+ 68. Kd2 Rxc4 69. fxe6+ Kc6 70. Re4 Re8 71. Rb3
Nc7 72. e7 Nd5 73. a5 1-0

[Event "28. Open Villa de Benasque 2008"]
[Site "Benasque  ESP"]
[Date "2008.07.09"]
[Round "7.3"]
[White "Bhat, Vinay S"]
[Black "Burmakin, Vladimir"]
[Result "1-0"]
[WhiteElo "2483"]
[BlackElo "2625"]
[PlyCount "65"]
[EventDate "2008.07.03"]
[EventType "swiss"]
[EventRounds "10"]
[EventCountry "ESP"]
[Source "lmi"]
[SourceDate "2008.07.03"]

1. d4 d5 2. c4 c6 3. Nc3 Nf6 4. e3 g6 5. Nf3 Bg7 6. Bd3 Nbd7 7. cxd5 cxd5 8.
Qb3 O-O 9. O-O Nb6 10. a4 Bf5 11. Be2 a5 12. Ne5 Ne4 13. Nxe4 dxe4 14. Nc4 Ra6
15. Bd2 Be6 16. Rfc1 Nxc4 17. Bxc4 Rb6 18. Qa2 Bxc4 19. Qxc4 Rd6 20. Be1 b6 21.
b4 e5 22. dxe5 Bxe5 23. Rab1 Re8 24. bxa5 bxa5 25. Rb5 Rd1 26. Qc2 Rxc1 27.
Qxc1 Bc7 28. g3 Re7 29. Kg2 h5 30. Bc3 Qd7 31. Bb2 Qg4 32. Rd5 h4 33. Qxc7 1-0

[Event "28. Open Villa de Benasque 2008"]
[Site "Benasque  ESP"]
[Date "2008.07.09"]
[Round "7.4"]
[White "Delchev, Aleksander"]
[Black "Sanchez, Joseph"]
[Result "1-0"]
[WhiteElo "2618"]
[BlackElo "2486"]
[PlyCount "64"]
[EventDate "2008.07.03"]
[EventType "swiss"]
[EventRounds "10"]
[EventCountry "ESP"]
[Source "lmi"]
[SourceDate "2008.07.03"]

1. d4 d5 2. c4 c6 3. Nc3 Nf6 4. e3 a6 5. Bd3 e6 6. Nf3 Nbd7 7. b3 Bd6 8. O-O
O-O 9. Bb2 dxc4 10. bxc4 e5 11. Qc2 h6 12. Rad1 exd4 13. exd4 Re8 14. c5 Bc7
15. Bc4 b5 16. Bb3 b4 17. Na4 Nd5 18. Ne5 Nxe5 19. dxe5 Qe7 20. Bd4 Bg4 21. f3
Bh5 22. Nb6 Bg6 23. Nxd5 cxd5 24. Qb2 Bxe5 25. Bxe5 Qxe5 26. Qxe5 Rxe5 27. f4
Re7 28. f5 Bh5 29. Rd4 Be2 30. Re1 Kf8 31. c6 Bc4 32. Rxe7 Kxe7 1-0

[Event "28. Open Villa de Benasque 2008"]
[Site "Benasque  ESP"]
[Date "2008.07.09"]
[Round "7.5"]
[White "De La Villa Garcia, Jesus Maria"]
[Black "Rodshtein, Maxim"]
[Result "1/2-1/2"]
[WhiteElo "2458"]
[BlackElo "2605"]
[PlyCount "78"]
[EventDate "2008.07.03"]
[EventType "swiss"]
[EventRounds "10"]
[EventCountry "ESP"]
[Source "lmi"]
[SourceDate "2008.07.03"]

1. e4 c6 2. d4 d5 3. Nc3 dxe4 4. Nxe4 Nd7 5. Ng5 Ngf6 6. Bd3 e6 7. Qe2 Bd6 8.
N1f3 h6 9. Ne4 Nxe4 10. Qxe4 Qc7 11. O-O b6 12. Qg4 Kf8 13. b3 Bb7 14. Bb2 Nf6
15. Qh4 Nd5 16. Ne5 g5 17. Qg4 Nf4 18. Rfe1 Rg8 19. g3 Bxe5 20. Rxe5 c5 21.
dxc5 bxc5 22. Be4 Bxe4 23. Rxe4 f5 24. Rxf4 gxf4 25. Qh5 Qh7 26. Qf3 Kf7 27.
Re1 Rge8 28. Qxf4 Kg6 29. Re5 Rad8 30. Rxc5 Qb7 31. Bd4 Rc8 32. Rxc8 Rxc8 33.
Qe5 Qe7 34. c3 Rd8 35. h3 a6 36. a4 Rd5 37. Qh8 Rd8 38. Qe5 Rd5 39. Qh8 Rd8
1/2-1/2

[Event "28. Open Villa de Benasque 2008"]
[Site "Benasque  ESP"]
[Date "2008.07.09"]
[Round "7.8"]
[White "Kaplan, Sasha"]
[Black "Levin, Felix"]
[Result "0-1"]
[WhiteElo "2427"]
[BlackElo "2564"]
[PlyCount "51"]
[EventDate "2008.07.03"]
[EventType "swiss"]
[EventRounds "10"]
[EventCountry "ESP"]
[Source "lmi"]
[SourceDate "2008.07.03"]

1. e4 c6 2. d4 d5 3. e5 c5 4. dxc5 Nc6 5. Nf3 Bg4 6. Bb5 e6 7. Be3 Qa5+ 8. Nc3
Nge7 9. h3 Bxf3 10. Qxf3 a6 11. Ba4 Ng6 12. a3 Ngxe5 13. Qg3 Ng6 14. b4 Qd8 15.
Ne2 Be7 16. c4 Bh4 17. Qh2 dxc4 18. Nd4 O-O 19. Bxc6 bxc6 20. O-O Qd5 21. Rad1
Rad8 22. Qc7 e5 23. Nxc6 Qxd1 24. Rxd1 Rxd1+ 25. Kh2 c3 26. b5 0-1

[Event "28. Open Villa de Benasque 2008"]
[Site "Benasque  ESP"]
[Date "2008.07.10"]
[Round "8.5"]
[White "Babaev, Rashad"]
[Black "Gupta, Abhijeet"]
[Result "1/2-1/2"]
[WhiteElo "2484"]
[BlackElo "2551"]
[PlyCount "37"]
[EventDate "2008.07.03"]
[EventType "swiss"]
[EventRounds "10"]
[EventCountry "ESP"]
[Source "lmi"]
[SourceDate "2008.07.03"]

1. e4 e5 2. Nf3 Nc6 3. Bb5 a6 4. Ba4 Nf6 5. O-O Bc5 6. c3 b5 7. Bb3 d6 8. a4
Bg4 9. d3 O-O 10. axb5 axb5 11. Rxa8 Qxa8 12. Bg5 Qd8 13. h3 Bxf3 14. Qxf3 h6
15. Bxf6 Qxf6 16. Qxf6 gxf6 17. Nd2 Ne7 18. Ra1 Rb8 19. Kf1 1/2-1/2